000 00226nam a2200097Ia 4500
008 240331s9999 xx 000 0 und d
082 _bPER
100 _aTamil University. ed
245 0 _aPerunchol Aharathi :
_bPart 2
942 _cL
999 _c3268
_d3268